|
|
|
|
| LEADER |
01422nam a2200373 a 4500 |
| 001 |
EBC419832 |
| 003 |
MiAaPQ |
| 005 |
20200520144314.0 |
| 006 |
m o d | |
| 007 |
cr cn||||||||| |
| 008 |
080516s2007 ne a sb 000 0 eng |
| 010 |
|
|
|z 2008422643
|
| 020 |
|
|
|z 9789053564981
|
| 020 |
|
|
|z 9053564985
|
| 035 |
|
|
|a (MiAaPQ)EBC419832
|
| 035 |
|
|
|a (Au-PeEL)EBL419832
|
| 035 |
|
|
|a (CaPaEBR)ebr10302400
|
| 035 |
|
|
|a (OCoLC)476250579
|
| 040 |
|
|
|a MiAaPQ
|c MiAaPQ
|d MiAaPQ
|
| 043 |
|
|
|a e-ne---
|
| 050 |
|
4 |
|a DJ71
|b .K49 2007
|
| 245 |
0 |
2 |
|a A key to Dutch history
|h [electronic resource] :
|b report by the Committee for the Development of the Dutch Canon /
|c [chair; Frits van Oostrom].
|
| 246 |
1 |
|
|i Subtitle from cover:
|a Cultural canon of the Netherlands
|
| 260 |
|
|
|a [Amsterdam] :
|b Amsterdam University Press,
|c c2007.
|
| 300 |
|
|
|a 228 p. :
|b ill.
|
| 504 |
|
|
|a Includes bibliographical references.
|
| 533 |
|
|
|a Electronic reproduction. Ann Arbor, MI : ProQuest, 2015. Available via World Wide Web. Access may be limited to ProQuest affiliated libraries.
|
| 650 |
|
0 |
|a History
|x Study and teaching.
|
| 651 |
|
0 |
|a Netherlands
|x Civilization.
|
| 655 |
|
4 |
|a Electronic books.
|
| 700 |
1 |
|
|a Oostrom, F. P. van.
|
| 710 |
2 |
|
|a Commissie Ontwikkeling Nederlandse Canon.
|
| 710 |
2 |
|
|a ProQuest (Firm)
|
| 856 |
4 |
0 |
|u https://ebookcentral.proquest.com/lib/matrademy/detail.action?docID=419832
|z Click to View
|